Представление документа в формате MARC21

Поле Инд. ПП Название Значение
Тип записи a
Библиографический уровень b
001 Контрольный номер RU/IS/BASE/148579054
005 Дата корректировки 20200522190714.6
084 a Индекс другой классификации/Индекс ББК 66.4в; 66.1(0)5; 65.02(0)5; 65.01
100 1_ a Автор Дробот Г. А.
245 a Заглавие Основные концепции международной политической экономии
504 a Библиография Библиогр. ссылки
600 a Персоналии Смит Адам
a Персоналии Маркс Карл
a Персоналии Кейнс Джон Мейнард
650 a Основная рубрика история политических учений
a Основная рубрика история экономических учений
a Основная рубрика международные отношения
a Основная рубрика политика
a Основная рубрика экономика
a Основная рубрика экономическая теория
653 a Ключевые слова XIX век
a Ключевые слова XVIII век
a Ключевые слова XX век
a Ключевые слова либерализм
a Ключевые слова марксизм
a Ключевые слова меркантилизм
a Ключевые слова новое время
a Ключевые слова политическая экономия
a Ключевые слова политические учения
a Ключевые слова реализм
a Ключевые слова экономическая политика
773 t Заглавие источника Вестник Московского университета. Серия 18, Социология и политология
d Дата издания источника 2001
g Прочая информация № 3. - С. 55 - 75
w Контрольный № источника RU/IS/BASE/148578725
901 t Тип документа b